• 首页
  • 本馆介绍
  • 公告通知
  • 最新文献
  • 馆藏检索
  • 电子资源
  • 读者导购
  • 参考咨询
  • 我的图书馆
  • 登录
  • 详细信息显示
  • 放入我的书架
  • 预约/预借图书
  • 作者相关作品
  • 分类相关作品
  • 丛书相关作品
  • 出版社相关作品

书目信息

  • 表格格式
  • 工作单格式
  • 卡片格式
题名:
学习心理辅导手册
    
 
作者: 张雪凤 , 汤礼深 , 戴育红 , 何颖仪
分册:  
出版信息: 广东   广东教育  2003
页数: 151页
开本: 29cm
丛书名: 学校团体心理辅导丛书
单 册:
中图分类: B849:G442
科图分类:
主题词: 应用心理学
电子资源:
ISBN: 7-5406-5168-7
000 00761nam0 2200241 450
001 0753865015
005 20070818145745.01
010    @a7-5406-5168-7@d¥20.50
100    @a20070818d km y0chiy0120 ea
101 0  @achi
200 1  @a学习心理辅导手册@Axue xi xin li fu dao shou ce@f戴育红,何颖仪,张雪凤,汤礼深@Fdai yu hong,he ying yi,zhang xue feng,tang li shen
210    @a广东@c广东教育@d2003
215    @a151页@d29cm
225 2  @a学校团体心理辅导丛书
410  0 @12001 @a学校团体心理辅导丛书
606 0  @a应用心理学
690    @aB849:G442@v3
701  0 @a张雪凤@Azhang xue feng
701  0 @a汤礼深@Atang li shen
701  0 @a戴育红@Adai yu hong
701  0 @a何颖仪@Ahe ying yi
801  0 @aCN@bPFT@c20070818
905    @a213230@dB849:G442@ee287@f1
    
    学习心理辅导手册/戴育红,何颖仪,张雪凤,汤礼深.-广东:广东教育,2003
    151页;29cm.-(学校团体心理辅导丛书)
    
    
    ISBN 7-5406-5168-7:¥20.50
    
●
相关链接 在E读中查询图书 在五车中查询图书 在当当中查询图书 在豆瓣中查询图书


正题名:学习心理辅导手册     索取号:B849:G442/e287         预约/预借

序号 登录号 条形码 馆藏地/架位号 状态 备注
1 6300398   263003984   教育系资料室/ [索取号:B849:G442/e287] 在馆    
唐山师范学院图书馆 欢迎您!
大连网信软件有限公司© 版权所有